Statistics for NBA Team By 3 Letter Abbreviations

Click here to take the quiz!

General Stats

  • This quiz has been taken 76 times
  • The average score is 24 of 30

Answer Stats

Answer% Correct
GSW
95%
LAL
93%
LAC
91%
ATL
90%
BOS
84%
DAL
83%
CHI
81%
CLE
81%
DEN
81%
SAS
81%
WAS
81%
HOU
79%
MIA
79%
OKC
79%
MIN
78%
PHI
78%
SAC
78%
UTA
78%
CHA
76%
IND
76%
NYK
76%
TOR
76%
BKN
74%
MIL
74%
MEM
71%
ORL
71%
PHX
71%
POR
71%
DET
67%
NOP
67%

Score Distribution

Percentile by Number Answered

Percent of People with Each Score

Your Score History

You have not taken this quiz